000 00503nam a2200133Ia 4500
008 220216s9999 xx 000 0 und d
100 _aHameed A.A.
245 2 _aA comparative study on the performance of RRII 105 under high and low density planting in Chirayinkeezh Taluk
260 _bDissertation, PG Diploma in Natural Rubber Production, Kerala Agricultural University, Trichur, India, 38 p.
_c1996
650 _aClone evaluation
650 _aPlanting density
650 _aRRII 105
942 _cBS
999 _c52469
_d52469